|
|
|
|
| LEADER |
00000nam a22000007a 4500 |
| 005 |
20130425190758.0 |
| 007 |
cr|||| |||| |
| 008 |
130425e2012 pe |||||s|||| 00||0 spa d |
| 020 |
|
|
|a 978-612-4047-78-7
|
| 035 |
|
|
|a 11036
|
| 040 |
|
|
|a vLex
|
| 090 |
|
|
|c 4179
|d 4179
|
| 100 |
1 |
0 |
|a Salinas Mendoza, Diego
|
| 245 |
1 |
3 |
|a La publicidad del proceso penal como garanta̕ constitucional
|c / Diego Salinas Mendoza
|h [Recurso electrn̤ico]
|
| 256 |
|
|
|a Servicio en ln̕ea
|
| 260 |
|
|
|a Lima :
|b Palestra Editores,
|c 2012
|
| 300 |
|
|
|a 1 Recurso electrn̤ico
|
| 506 |
|
|
|d vLex Global
|d vLex Global (Academic Edition, excluding Law Schools)
|d vLex Global (U.S. Academic Edition, Law Schools)
|d vLex Global (U.S. Academic Edition, excluding Law Schools)
|d vLex Global (Academic Edition, Law Schools)
|
| 650 |
|
4 |
|a Derecho constitucional
|z Per︢
|
| 650 |
|
4 |
|a Procedimiento penal
|z Per︢
|
| 740 |
|
|
|a vLex Libros (Servicio en ln̕ea)
|
| 856 |
|
|
|a Acceso restringido
|u http://www.vlex.com/source/11036
|
| 942 |
|
|
|c BOOK
|
| 999 |
|
0 |
|a Constitutional law
|